Minerva Mirabal la mariposa. (Record no. 39999)
[ view plain ]
| 000 -CABECERA | |
|---|---|
| campo de control de longitud fija | 00308nam a2200109 a 4500 |
| 005 - FECHA Y HORA DE LA ÚLTIMA TRANSACCIÓN | |
| campo de control | 20210907142958.0 |
| 008 - DATOS DE LONGITUD FIJA--INFORMACIÓN GENERAL | |
| campo de control de longitud fija | 130828s2010 000 spa d |
| 040 ## - FUENTE DE LA CATALOGACIÓN | |
| Centro catalogador/agencia de origen | DO-SdBNP |
| 100 1# - ENTRADA PRINCIPAL--NOMBRE DE PERSONA | |
| Nombre de persona | Kury, Farid, |
| Fechas asociadas al nombre | 1962- |
| 9 (RLIN) | 33990 |
| 245 #0 - MENCIÓN DE TÍTULO | |
| Título | Minerva Mirabal la mariposa. |
| 260 ## - PUBLICACIÓN, DISTRIBUCIÓN, ETC. | |
| Lugar de publicación, distribución, etc. | Santo domingo-- Centenario, |
| Fecha de publicación, distribución, etc. | 2010-- 98 p. |
No items available.
